Score 0/90 Timer 08:00
2 Plays Today
Episode Segment % Correct
Treehouse of Horror IIIf I Only Had a Brain
94.7%
Treehouse of Horror XIVStop the World, I Want to Goof Off
94.6%
Treehouse of Horror VIIThe Thing and I
94.5%
Treehouse of Horror IVThe Devil and Homer Simpson
94.5%
Treehouse of Horror IIThe Bart Zone
94.1%
Treehouse of Horror IVTerror at 5½ Feet
93.4%
Treehouse of Horror XVII've Grown a Costume on Your Face
93.3%
Treehouse of Horror XLife's a Glitch, Then You Die
93.2%
Treehouse of Horror XVFour Beheadings and a Funeral
92.8%
Treehouse of Horror XINight of the Dolphin
92.8%
Treehouse of Horror XIIIThe Fright to Creep and Scare Harms
92.7%
Treehouse of Horror XXVA Clockwork Yellow
92.5%
Treehouse of Horror XXDon't Have a Cow, Mankind
92.4%
Treehouse of HorrorThe Raven
92.3%
Treehouse of Horror XIIIThe Island of Dr. Hibbert
92.2%
Treehouse of Horror XVIn the Belly of the Boss
91.8%
Treehouse of Horror XVIIMarried to the Blob
91.8%
Treehouse of Horror IXThe Terror of Tiny Toon
91.7%
Treehouse of Horror VIAttack of the 50-Foot Eyesores
91.6%
Treehouse of Horror XIIHex and the City
91.5%
Treehouse of Horror XXIXIntrusion of the Pod-Y Snatchers
91.4%
Treehouse of Horror VThe Shinning
91.4%
Treehouse of Horror XIIISend in the Clones
91.4%
Treehouse of Horror XXIIThe Diving Bell and the Butterball
91.4%
Treehouse of Horror XVThe Ned Zone
91.3%
Treehouse of Horror XXIIIn the Na'Vi
91.2%
Treehouse of Horror XVISurvival of the Fattest
91.1%
Treehouse of Horror XIXIt's the Grand Pumpkin, Milhouse
90.9%
Treehouse of HorrorHungry are the Damned
90.9%
Treehouse of Horror VIIIThe HΩmega Man
90.7%
Episode Segment % Correct
Treehouse of Horror IIThe Monkey's Paw
90.6%
Treehouse of Horror XVIIThe Day the Earth Looked Stupid
90.3%
Treehouse of Horror XXIIIThe Greatest Story Ever Holed
90.3%
Treehouse of Horror XXIVOh, the Places You'll D'oh!
90.2%
Treehouse of Horror VIIThe Genesis Tub
90.1%
Treehouse of Horror XXVIIIThe Exor-Sis
90%
Treehouse of Horror XXVThe Others
90%
Treehouse of Horror XXDial 'M' for Murder or Press '#' to Return to Main Menu
89.1%
Treehouse of Horror XI Know What You Diddily-Iddly-Did
87.3%
Treehouse of Horror XXIIIBart & Homer's Excellent Adventure
85.6%
Treehouse of Horror XXIIDial D for Diddly
81.7%
Treehouse of Horror XIXHow to Get Ahead in Dead-vertising
79.1%
Treehouse of Horror XXIVDead and Shoulders
76.7%
Treehouse of Horror XVIIIMr. & Mrs. Simpson
75.6%
Treehouse of Horror XVIIYou Gotta Know When To Golem
73.8%
Treehouse of Horror IVBart Simpson's Dracula
73.8%
Treehouse of Horror VTime and Punishment
73.6%
Treehouse of Horror XIIHouse of Whacks
73%
Treehouse of Horror XVIIIE.T., Go Home
70.6%
Treehouse of Horror VIHomer³
70.2%
Treehouse of Horror XXIWar and Pieces
70.1%
Treehouse of Horror XXIMaster and Cadaver
69.5%
Treehouse of Horror IIIKing Homer
69.3%
Treehouse of Horror XXVIIIMMM...Homer
69%
Treehouse of Horror VINightmare on Evergreen Ter.
68.2%
Treehouse of Horror XXVITelepaths of Glory
66.7%
Treehouse of Horror IIIDial 'Z' for Zombies
59.5%
Treehouse of Horror XXVSchool is Hell
58.3%
Treehouse of Horror XXVIWanted: Dead, Then Alive
49.4%
Treehouse of HorrorBad Dream House
44%
Episode Segment % Correct
Treehouse of Horror XXThere's No Business Like Moe Business
39.6%
Treehouse of Horror XVIIIHeck House
38.5%
Treehouse of Horror XIScary Tales Can Come True
36.1%
Treehouse of Horror XXXWhen Hairy Met Slimy
33.7%
Treehouse of Horror IXHell Toupée
31.3%
Treehouse of Horror XXIVFreaks no Geeks
30.9%
Treehouse of Horror VNightmare Cafeteria
29.7%
Treehouse of Horror XIG-G-Ghost D-D-Dad
25.5%
Treehouse of Horror XXVIIMoefinger
22%
Treehouse of Horror VIICitizen Kang
21.8%
Treehouse of Horror IIIClown Without Pity
18.9%
Treehouse of Horror VIIIFly vs. Fly
14%
Treehouse of Horror XVIB.I. Bartificial Intelligence
13.5%
Treehouse of Horror XIIWiz Kids
11.9%
Treehouse of Horror XXXDanger Things
10.8%
Treehouse of Horror XXXHeaven Swipes Right
9.9%
Treehouse of Horror VIIIEasy-Bake Coven
8.4%
Treehouse of Horror XIXUntitled Robot Parody
7.7%
Treehouse of Horror IXStarship Poopers
7.6%
Treehouse of Horror XXIXGeriatric Park
7.5%
Treehouse of Horror XDesperately Xeeking Xena
7.3%
Treehouse of Horror XIVFrinkenstein
6.8%
Treehouse of Horror XXVIIICoralisa
6.6%
Treehouse of Horror XIVReaper Madness
6.4%
Treehouse of Horror XXITweenlight
5.9%
Treehouse of Horror XXIIIUNnormal Activity
5.7%
Treehouse of Horror XXVIIDry Hard
5.6%
Treehouse of Horror XXVIHomerzilla
5.2%
Treehouse of Horror XXVIIBFF R.I.P.
5.2%
Treehouse of Horror XXIXMultiplisaty
4.3%
Remove Ads.
Support Sporcle.
Get the best of Sporcle when you Go Orange. This ad-free experience offers more features, more stats, and more fun while also helping to support Sporcle. Thank you for becoming a member.

You're not logged in!

Compare scores with friends on all Sporcle quizzes.
OR
Log In

Sporcle TV

Today on Sporcle TV


Watch our educational content, quiz creation guides, and fun videos on Sporcle TV.

Show Comments

Extras

Top Quizzes Today


Score Distribution

Paid Content

Your Account Isn't Verified!

In order to create a playlist on Sporcle, you need to verify the email address you used during registration. Go to your Sporcle Settings to finish the process.

Report this User

Report this user for behavior that violates our Community Guidelines.

Details: